000 00835nam0a22002411 4500
001 rc\3235625
005 20130115141851.1
035 _a(NLR Aleph) 007372520
090 _a6423185
_c6423185
100 _a20130115d1974 |||y0rusy50 ca
101 0 _arus
102 _aRU
105 _ay z |||||
200 1 _aЭстетическое воспитание школьников
_e(Метод. рекомендации)
_fМ-во культуры КБАССР. Кабард.-Балкар. респ. дет. б-ка
210 _aНальчик
_cБ. и.
_d1974
215 _a20 с.
_d19
300 _aНа обороте тит. л. сост. Арзанунц А.С.
702 1 _aАрзанунц
_bА. С.
_4220
801 0 _aRU
_bNLR
_gpsbo
801 1 _aRU
_bELAR
_2rusmarc
852 _aNLR
_jБ 9080.2/Э-872
942 _cBOOK
980 _aNB